Statistics for Rally Dakar Winers

Click here to take the quiz!

General Stats

  • This quiz has been taken 133 times
    (10 since last reset)
  • The average score is 63 of 166

Answer Stats

YearCategoryWinnerNationality% Correct
CarsStéphane PeterhanselFrench
89%
CarsStéphane PeterhanselFrench
89%
CarsStéphane PeterhanselFrench
89%
1991MotorbikesStéphane PeterhanselFrench
89%
1992MotorbikesStéphane PeterhanselFrench
89%
CarsStéphane PeterhanselFrench
89%
1993MotorbikesStéphane PeterhanselFrench
89%
CarsStéphane PeterhanselFrench
89%
CarsStéphane PeterhanselFrench
89%
CarsStéphane PeterhanselFrench
89%
1995MotorbikesStéphane PeterhanselFrench
89%
CarsStéphane PeterhanselFrench
89%
1997MotorbikesStéphane PeterhanselFrench
89%
1998MotorbikesStéphane PeterhanselFrench
89%
CarsCarlos SainzSpanish
78%
CarsCarlos SainzSpain
78%
CarsCarlos SainzSpanish
78%
CarsCarlos SainzSpanish
78%
CarsJoan "Nani" RomaSpanish
78%
2004MotorbikesJoan "Nani" RomaSpanish
78%
2014MotorbikesMarc ComaSpanish
78%
2015MotorbikesMarc ComaSpanish
78%
2009MotorbikesMarc ComaSpanish
78%
2006MotorbikesMarc ComaSpanish
78%
2011MotorbikesMarc ComaSpanish
78%
CarsNasser Al-AttiyahQatari
78%
CarsNasser Al-AttiyahQatari
78%
CarsNasser Al-AttiyahQatari
78%
CarsNasser Al-AttiyahQatari
78%
CarsNasser Al-AttiyahQatari
78%
CarsJutta KleinschmidtGerman
67%
TrucksGerard de RooyDutch
56%
TrucksGerard de RooyDutch
56%
CarsGiniel de VilliersSouth African
56%
CarsHiroshi MasuokaJapanese
56%
CarsHiroshi MasuokaJapanese
56%
TrucksJan De RooyDutch
56%
CarsAri VatanenFinnish
44%
CarsAri VatanenFinnish
44%
CarsAri VatanenFinnish
44%
CarsAri VatanenFinnish
44%
1981MotorbikesHubert AuriolFrench
44%
CarsHubert AuriolFrench
44%
1983MotorbikesHubert AuriolFrench
44%
CarsJuha KankkunenFinnish
44%
TrucksKarel LopraisCzech
44%
TrucksKarel LopraisCzech
44%
TrucksKarel LopraisCzech
44%
TrucksKarel LopraisCzech
44%
TrucksKarel LopraisCzech
44%
TrucksKarel LopraisCzech
44%
CarsKenjiro ShinozukaJapanese
44%
CarsRené MetgeFrench
44%
CarsRené MetgeFrench
44%
CarsRené MetgeFrench
44%
2019MotorbikesToby PriceAustralian
44%
2016MotorbikesToby PriceAustralian
44%
TrucksVladimir ChaginRussian
44%
TrucksVladimir ChaginRussian
44%
TrucksVladimir ChaginRussian
44%
TrucksVladimir ChaginRussian
44%
TrucksVladimir ChaginRussian
44%
TrucksVladimir ChaginRussian
44%
TrucksVladimir ChaginRussian
44%
TrucksAyrat MardeevRussian
33%
CarsBruno SabyFrench
33%
Light PrototypesCristina GutiérrezSpain
33%
2007MotorbikesCyril DespresFrench
33%
2013MotorbikesCyril DespresFrench
33%
2012MotorbikesCyril DespresFrench
33%
2005MotorbikesCyril DespresFrench
33%
2010MotorbikesCyril DespresFrench
33%
2001MotorbikesFabrizio MeoniItalian
33%
2002MotorbikesFabrizio MeoniItalian
33%
TrucksFirdaus KabirovRussian
33%
TrucksFirdaus KabirovRussian
33%
1985MotorbikesGaston RahierBelgian
33%
1984MotorbikesGaston RahierBelgian
33%
1989MotorbikesGilles LalayFrench
33%
CarsJacky IckxBelgian
33%
CarsJean Louis SchlesserFrench
33%
CarsJean Louis SchlesserFrench
33%
CarsJean Pierre FontenayFrench
33%
CarsLuc AlphandFrench
33%
CarsPierre LartigueFrench
33%
CarsPierre LartigueFrench
33%
CarsPierre LartigueFrench
33%
2003MotorbikesRichard SainctFrench
33%
2000MotorbikesRichard SainctFrench
33%
1999MotorbikesRichard SainctFrench
33%
QuadsAlejandro PatronelliArgentinian
22%
QuadsAlejandro PatronelliArgentinian
22%
QuadsAlexandre GiroudFrench
22%
QuadsAlexandre GiroudFrench
22%
TrucksAndrey KarginovRussian
22%
TrucksAndrey KarginovRussian
22%
ClassicsCarlos SantaolallaSpain
22%
1979MotorbikesCyril NeveuFrench
22%
1987MotorbikesCyril NeveuFrench
22%
1986MotorbikesCyril NeveuFrench
22%
1982MotorbikesCyril NeveuFrench
22%
1980MotorbikesCyril NeveuFrench
22%
TrucksDmitry SotnikovRussian
22%
TrucksDmitry SotnikovRussian
22%
1996MotorbikesEdi OrioliItalian
22%
1994MotorbikesEdi OrioliItalian
22%
1990MotorbikesEdi OrioliItalian
22%
1988MotorbikesEdi OrioliItalian
22%
TrucksEduard NikolaevRussian
22%
TrucksEduard NikolaevRussian
22%
TrucksEduard NikolaevRussian
22%
TrucksEduard NikolaevRussian
22%
TrucksFrancesco PerliniItalian
22%
TrucksFrancesco PerliniItalian
22%
CarsFreddy KottulinskySwedish
22%
TrucksGiacomo VismaraItalian
22%
TrucksGiorgio VillaItalian
22%
TrucksHans StaceyDutch
22%
QuadsIgnacio CasaleChilean
22%
QuadsIgnacio CasaleChilean
22%
QuadsIgnacio CasaleChilean
22%
UTVsLeandro TorresBrazilian
22%
QuadsManuel AndújarArgentinian
22%
QuadsManuel AndújarArgentina
22%
QuadsMarcos PatronelliArgentinian
22%
QuadsMarcos PatronelliArgentinian
22%
QuadsMarcos PatronelliArgentinian
22%
TrucksMartin MacíkCzech
22%
QuadsNicolás CavigliassoArgentinian
22%
UTVsReinaldo VarelaBrazilian
22%
2024MotorbikesRicky BrabecUSA
22%
2020MotorbikesRicky BrabecUSA
22%
QuadsSergey KaryakinRussian
22%
TrucksViktor MoskovskikhRussian
22%
SSVsXavier de SoultraitFrance
22%
TrucksAdrien VilletteFrench
11%
CarsAlain GenestierFrench
11%
Light PrototypesAustin JonesUSA
11%
UTVsAustin JonesUSA
11%
UTVsCasey CurrieUSA
11%
CarsClaude MarreauFrench
11%
SSVsEryk GoczałPolish
11%
UTVsFrancisco López ContardoChilean
11%
Light PrototypesFrancisco López ContardoChilean
11%
UTVsFrancisco López ContardoChilean
11%
TrucksGeorges GroineFrench
11%
TrucksGeorges GroineFrench
11%
TrucksJacques HoussatFrench
11%
TrucksJanus van KasterenDutch
11%
TrucksJean-François DunacFrench
11%
TrucksJohann Peter ReifAustrian
11%
Light PrototypesJosef MachacekCzech
11%
QuadsJosef MachacekCzech
11%
ClassicsJuan MoreraSpanish
11%
TrucksKarl-Friedrich CapitoGerman
11%
2023MotorbikesKevin BenavídesArgentina
11%
2021MotorbikesKevin BenavídesArgentinian
11%
ClassicsMarc DoutonFrench
11%
2018MotorbikesMatthias WalknerAustrian
11%
CarsPatrick ZaniroliFrench
11%
QuadsRafal SonikPolish
11%
ClassicsSerge MognoFrench
11%
2017MotorbikesSum SunderlandBritish
11%
2022MotorbikesSum SunderlandBritish
11%
TrucksZohra AtaouatAlgerian
11%
TrucksPierre LaleuFrench
0%

Score Distribution

Percentile by Number Answered

Percent of People with Each Score

Your Score History

You have not taken this quiz since the last reset